MOEDAS DOMINICANAS DESDE EL DESCUBRIMIENTO HASTA NUESTROS DIAS 1492 1979 (Record no. 1700)

MARC details
000 -LEADER
campo de control de longitud fija 00632nam a22001937a 4500
001 - NÚMERO DE CONTROL
campo de control 7047
005 - FECHA Y HORA DE LA ÚLTIMA TRANSACCIÓN
campo de control 20250602012212.0
008 - DATOS DE LONGITUD FIJA--INFORMACIÓN GENERAL
campo de control de longitud fija 5230202001 dr a
020 ## - NÚMERO INTERNACIONAL ESTÁNDAR DEL LIBRO
Número Internacional Estándar del Libro [sin ISBN]
082 ## - NÚMERO DE LA CLASIFICACIÓN DECIMAL DEWEY
Número de clasificación RD 332.497293
Número de ítem Es883m
100 ## - ENTRADA PRINCIPAL--NOMBRE DE PERSONA
Nombre de persona ESTRELLA GOMEZ MIGUEL
245 ## - MENCIÓN DEL TÍTULO
Título MOEDAS DOMINICANAS DESDE EL DESCUBRIMIENTO HASTA NUESTROS DIAS 1492 1979
Mención de responsabilidad, etc. Miguel Estrella Gómez.
250 ## - MENCION DE EDICION
Mención de edición 1a. ed.
260 ## - PUBLICACIÓN, DISTRIBUCIÓN, ETC.
Lugar de publicación, distribución, etc. Santo Domingo :
Nombre del editor, distribuidor, etc. AMIGO DEL HOGAR
300 ## - DESCRIPCIÓN FÍSICA
Extensión ix, 643 p. :
Otros detalles físicos il. / 24 cm
504 ## - NOTA DE BIBLIOGRAFÍA, ETC.
Nota de bibliografía, etc. Nota Obras Consultadas : P. 639-640
505 ## - NOTA DE CONTENIDO CON FORMATO
Nota de contenido con formato Incluye Tabla de Contenido.
650 ## - PUNTO DE ACCESO ADICIONAL DE MATERIA--TÉRMINO DE MATERIA
Término de materia o nombre geográfico como elemento de entrada 1 MONEDAS REPUBLICA DOMINICANA HISTORIA
Holdings
Estatus retirado Estado de pérdida Estado de daño No para préstamo Colección Biblioteca de origen Biblioteca actual Fecha de adquisición Total de préstamos Signatura topográfica completa Código de barras Visto por última vez Copia número Precio de reemplazo Tipo de ítem Koha
        Acervo general de Libros Biblioteca Central Mons. Favio M. Rivas S. Biblioteca Central Mons. Favio M. Rivas S. 28/05/2014   RD 332.497293 000000002253 23/05/2025 1 23/05/2025 Libros
        Acervo general de Libros Biblioteca Central Mons. Favio M. Rivas S. Biblioteca Central Mons. Favio M. Rivas S. 27/05/2015   RD 332.497293 000000003866 23/05/2025 2 23/05/2025 Libros